Život básnika Sovietska opera na scéne DJGT v B. Bystrici

Bibliographic Details
Main Author: Michalová, Eva, 1939- (Author)
Format: Article
Language:Slovak
Subjects:

MARC

LEADER 00000nab a2200000 a 4500
001 vtls000185377
003 SK-MaSNL
005 20260303194315.0
008 040806c1984 xo 0 slo
015 |a SNBRB19rr/mm-uuuuu 
035 |a CL0195490 
040 |a SNKBUCL  |b slo  |c SNKBUCL  |e AACR2 
041 0 |a slo 
044 |a xo  |c SK 
080 |a 792.5  |2 1981 
100 1 |a Michalová, Eva,  |d 1939-  |4 aut  |9 111068 
245 1 0 |a Život básnika  |b Sovietska opera na scéne DJGT v B. Bystrici  |c Eva Michalová 
600 1 7 |a Žiganov, Nazib Gajazovič  |t Musa Džalil  |2 snkbucl  |9 1226342 
610 2 7 |a Divadlo Jozefa Gregora Tajovského.  |b Opera  |2 snkbucl  |9 165618 
650 0 7 |a opery  |2 snkbucl  |9 3214 
650 0 7 |a operné inscenácie  |2 snkbucl  |9 3330 
655 7 |a recenzie  |2 snkbucl  |9 21907 
655 7 |a články z novín a časopisov  |2 snkbucl  |9 267496 
773 0 |t Pravda  |g Roč. 65, č. 151 (28. 6. 1984), s. 5 
850 |a Slovenská národná knižnica v Martine  |a MTA001 
852 |a SNK  |b KIS3GCP 
999 |c 2156913  |d 2158843